Pays se terminant par A-Z - Statistiques

Statistiques générales
  • Ce quiz a été pris 883 fois
  • Le résultat moyen est 13 sur 17
Statistiques - réponses
Lettre # Pays % Correct
E 85 Albanie | Espagne | France | Tunisie ...
99%
A 20 Angola | Canada | Cuba | Ghana ...
99%
N 24 Iran | Japon | Soudan | Yémen ...
96%
S 13 États-Unis | Laos | Pays-Bas | Philippines ...
92%
L 7 Brésil | Népal | Portugal | Sénégal ...
90%
I 11 Brunei | Chili | Haïti | Royaume-Uni ...
90%
O 9 Kosovo | Lesotho | Monaco | Togo ...
89%
U 5 Guinée-Bissau | Nauru | Pérou | Vanuatu ...
82%
K 2 Danemark | Irak
80%
R 6 Équateur | Niger | Qatar | Salvador ...
80%
D 6 Afrique du Sud | Corée du Nord | Tchad ...
76%
Y 2 Paraguay | Uruguay
69%
C 1 Maroc
66%
T 2 Cap-Vert | Koweït
51%
G 1 Luxembourg
41%
M 1 Viêt Nam
41%
H 1 Bangladesh
39%
Aucun quiz correspondant
Distribution des résultats
% des personnes avec chaque résultat
Percentile par nombre de réponses
Votre historique - résultats
Vous n’avez pas pris ce quiz